01485nam a2200337 a 4500001001000000003000900010005001700019007001000036008004100046020002100087020002100108020002100129020002100150020001900171020002100190020002100211020002100232020002200253020002200275040002200297082002200319245010100341260004100442300004100483505033300524650007000857650006900927651005700996651006701053700002701120000026612DO-SdBNP20170906112220.0000026612090713s2003 dr abc e 000 0 spa d a9993466026 (v.1) a9993466018 (v.2) a9993466093 (v.3) a9993466093 (v.4) a99966050 (v.5) a9993466085 (v.6) a9993466069 (v.7) a9993466077 (v.9) a9993466034 (v.10) a9993466034 (v.11) aBPMSUbspacBPMSU 4aR 036.97293bE56r00aEnciclopedia ilustrada de la República Dominicana./cdirector Johnny f. Nieves Gil...[y otros] aSanto Domingo :bEDUPROGRESO,c2003. a11 v. :bil., mapa, retrs. ;c30 cm. gv. 1.tv. 1 - Guía conceptual gv. 2.tv.2 - Biografíasgv.3-4tv.3-4 - Capital y provínciasgv.5. tv.5 - Ecología y medio ambientegv.6. tv.6 - Lengua, literatura y artegv.7. tv.7 - Historiagv. 8. tv.8 - Geografíagv. 9. tv.9 - Cultura, educación y deportes gv. 10-11tv.10-11 - Economía y estadísticas. 4aGEOGRAFÍAzREPÚBLICA DOMINICANAvDICCIONARIOS Y ENCICLOPEDIAS 4aECONOMÍAzREPÚBLICA DOMINICANAvDICCIONARIOS Y ENCICLOPEDIAS 4aREPÚBLICA DOMINICANAvDICCIONARIOS Y ENCICLOPEDIAS 4aREPÚBLICA DOMINICANAxHISTORIAvDICCIONARIOS Y ENCICLOPEDIAS 4Nieves Gil, Johnny F.